| 000 | 01084nac a22002897a 4500 | ||
|---|---|---|---|
| 001 | BR7805113 | ||
| 003 | BR-BrBNA | ||
| 005 | 20240105114258.0 | ||
| 008 | 230509b bl.|||m| |||| 00| 0 por d | ||
| 040 |
_aBR-BrBNA _bpor _cBiblioteca Nacional de Agricultura |
||
| 072 | _aE70; F00 | ||
| 090 | _a1540 BR7805113 | ||
| 110 | 1 |
_aEmpresa Brasileira de Pesquisa Agropecuaria, Brasilia, DF. Depto. de Difusao de Tecnologia _93869 |
|
| 245 | 1 |
_aCotacoes do mercado e demais indicadores economicos: mandioca e fruticultura, Outubro 1978 [Manihot esculenta; Farinha; Laranja; Citrus sinensis; Comercializacao; Preco; Mercado nacional; Brasil] _bInforme especial |
|
| 260 | 3 |
_aBrasilia, DF (Brasil): _c1978. |
|
| 300 | _a12 p. | ||
| 490 |
_aSerie Economia - Empresa Brasileira de Pesquisa Agropecuaria (Brazil) _vno. 4 _x |
||
| 650 | _aComercializacao | ||
| 650 | _aProducao vegetal | ||
| 650 | _aMandioca | ||
| 650 | _aFarinha | ||
| 650 | _aLaranja | ||
| 650 | _aPreco | ||
| 650 | _aMercado nacional | ||
| 909 |
_a202312 _bLúcia Elande _c55 _dLúcia Elande |
||
| 942 |
_2AGRIS _n0 _cMS |
||
| 999 |
_c268419 _d268419 |
||